| 000 | 00404nam a2200145Ia 4500 | ||
|---|---|---|---|
| 008 | 230917s9999||||xx |||||||||||||| ||und|| | ||
| 040 |
_e196813 _aMAIN |
||
| 041 | _aEnglish | ||
| 082 | _a338.4791 R311R | ||
| 100 | _aSirakaya-Turk, Ercan, ed. | ||
| 245 | 0 | _aResearch methods for leisure, recreation and tourism | |
| 260 |
_aWallingford _bCAB International _c2011 |
||
| 300 | _axx, 278 p. | ||
| 942 | _cBK | ||
| 999 |
_c164749 _d164749 |
||